000 00422nam a2200157Ia 4500
008 230711s9999||||xx |||||||||||||| ||und||
041 _aENG
082 _a720
_bBO-G
100 _aBoisset,Caroline
245 0 _aGardening in time - Planning future growth and flowering
250 _a1st Ed.
260 _c1990
_aNew Delhi
_bPrentice-Hall of India Private Limited
300 _a168
650 _aArchitecture
942 _cBK
999 _c2486
_d2486